Research Methodology: (Record no. 7452)

000 -LEADER
fixed length control field 00515nam a2200181Ia 4500
003 - CONTROL NUMBER IDENTIFIER
control field OSt
005 - DATE AND TIME OF LATEST TRANSACTION
control field 20250910144858.0
008 - FIXED-LENGTH DATA ELEMENTS--GENERAL INFORMATION
fixed length control field 200302s9999 xx 000 0 und d
020 ## - INTERNATIONAL STANDARD BOOK NUMBER
International Standard Book Number 9789351251163
040 ## - CATALOGING SOURCE
Transcribing agency BMSCA
082 ## - DEWEY DECIMAL CLASSIFICATION NUMBER
Classification number 001.42
Item number MIS
Edition number 23
100 ## - MAIN ENTRY--PERSONAL NAME
Personal name Misra, R. P.
Dates associated with a name (1930–2021),
245 ## - TITLE STATEMENT
Title Research Methodology:
Remainder of title A Handbook revised and enlarged edition
260 ## - PUBLICATION, DISTRIBUTION, ETC. (IMPRINT)
Name of publisher, distributor, etc Concept Publishing Company Pvt. Ltd.
Place of publication, distribution, etc New Delhi :
Date of publication, distribution, etc 2016.
300 ## - PHYSICAL DESCRIPTION
Extent 150p.
500 ## - GENERAL NOTE
General note It Includes Index
942 ## - ADDED ENTRY ELEMENTS (KOHA)
Source of classification or shelving scheme
Item type R&D Books
Holdings
Withdrawn status Lost status Source of classification or shelving scheme Damaged status Koha normalized classification for sorting Not for loan Permanent location Current location Shelving location Date acquired Cost, normal purchase price Total Checkouts Full call number Barcode Date last seen Date last borrowed Price effective from Non-public note Koha item type Public note
        001_000000000000000_42MIS Not For Loan BMS College of Architecture, Design and Planning BMS College of Architecture, Design and Planning General Stacks 2020-03-03 600.00 3 001.42MIS AR-RD19 2025-08-25 2025-08-25 2020-03-03 R&D Books R&D Books S-01
Copyright © 2025, The Librarian, Library and Information Centre, BMSCA D&P, Bengaluru. All Rights Reserved
web counter

Powered by Koha